000 00312nam a22001337a 4500
020 _a978-1-845593-263-3
041 _aENG
100 _aLaycock.A
245 _aIrrigaton Systems Design ,Planning And Construction
260 _aDelhi
_bCabi Org
_c2011
300 _a285
650 _aIDE
856 _uIDE ( 44 )
999 _c1574
_d1574